|
|
|
|
| LEADER |
00000cam a2200000 4500 |
| 001 |
vtls012239320 |
| 003 |
SK-MaSNL |
| 005 |
20260301023319.0 |
| 008 |
230913s2023 xo hob gr 000 0 hun |
| 015 |
|
|
|a SNBA2023/11
|
| 020 |
|
|
|a 9788057049869
|q (viazané)
|
| 040 |
|
|
|a SNK
|b slo
|c SNK
|e rda
|
| 041 |
1 |
|
|a hun
|a slo
|h slo
|
| 043 |
|
|
|a e-xo---
|
| 044 |
|
|
|a xo
|c SK
|
| 072 |
|
7 |
|a 796
|x Šport. Hry. Telesné cvičenia
|2 konspekt
|
| 080 |
|
|
|a 796/799:061
|2 2011
|
| 080 |
|
|
|a 796.332
|2 2011
|
| 080 |
|
|
|a (437.6)
|2 2011
|
| 080 |
|
|
|a (082.2)
|2 2011
|
| 080 |
|
|
|a (084.11)
|2 2011
|
| 080 |
|
|
|a 796.386
|2 2011
|
| 080 |
|
|
|a 796.071.2
|2 2011
|
| 100 |
1 |
|
|a Mihály, Bara
|4 aut
|9 315470
|
| 245 |
1 |
2 |
|a A Tardoskeddi Sport Club 100 éve
|c Bara Mihály ; fordította: Győri Beáta
|
| 246 |
3 |
1 |
|a 100 rokov športového klubu Tvrdošovce
|
| 246 |
3 |
|
|a Sto rokov športového klubu Tvrdošovce
|
| 264 |
|
1 |
|a Tardoskedd
|b Tardoskedd Község
|c 2023
|
| 300 |
|
|
|a 89 strán
|b faksimile, fotografie (čiastočne farebné), mapy
|c 21 cm
|
| 336 |
|
|
|a text
|b txt
|2 rdacontent
|
| 336 |
|
|
|a statický obraz
|b sti
|2 rdacontent
|
| 337 |
|
|
|a bez média
|b n
|2 rdamedia
|
| 338 |
|
|
|a zväzok
|b nc
|2 rdacarrier
|
| 500 |
|
|
|a Na titulnom liste nad názvom: ŠK Tvrdšovce / Tardoskeddi SK 1923-2023
|
| 500 |
|
|
|a Preložené zo slovenčiny
|
| 546 |
|
|
|a Súbežný názov, text a tiráž v slovenčine
|
| 610 |
2 |
7 |
|a Športový klub Tvrdošovce (Tvrdošovce, Slovensko)
|2 SNKKA
|9 315471
|
| 648 |
|
7 |
|a 1923-2023
|2 SNKPH
|9 315472
|
| 650 |
0 |
7 |
|a športové kluby
|2 SNKPH
|9 70137
|
| 650 |
0 |
7 |
|a futbal
|2 SNKPH
|9 3291
|
| 650 |
0 |
7 |
|a stolný tenis
|2 SNKPH
|9 25562
|
| 650 |
0 |
7 |
|a Athletic clubs
|2 SNKPHeng
|9 270341
|
| 650 |
0 |
7 |
|a Football
|2 SNKPHeng
|9 315473
|
| 650 |
0 |
7 |
|a Table tennis
|2 SNKPHeng
|9 315474
|
| 650 |
0 |
7 |
|a Sportsmen
|2 SNKPHeng
|9 315475
|
| 650 |
0 |
7 |
|a športovci
|2 SNKPH
|9 1043
|
| 651 |
|
7 |
|a Tvrdošovce (Slovensko)
|2 SNKPHgeo
|9 20490
|
| 651 |
|
7 |
|a Tvrdošovce (Slovakia)
|2 SNKPHeng
|9 133180
|
| 655 |
|
7 |
|a jubilejné publikácie
|2 SNKPH
|9 70339
|
| 655 |
|
7 |
|a obrazové publikácie
|2 SNKPH
|9 70343
|
| 655 |
|
7 |
|a Jubilee books
|2 SNKPHeng
|9 281827
|
| 655 |
|
7 |
|a Pictorial works
|2 SNKPHeng
|9 284468
|
| 700 |
1 |
|
|a Győri, Beáta
|4 trl
|9 315476
|
| 700 |
1 |
|
|a Ivaničová, Nikoleta
|4 pht
|9 315477
|
| 700 |
1 |
|
|a Mészáros, Imrich
|4 pht
|9 315478
|
| 700 |
1 |
|
|a Mészárosová, Júlia
|4 pht
|9 315479
|
| 752 |
|
|
|a Slovensko
|d Tvrdošovce
|
| 852 |
|
|
|a Slovenská národná knižnica
|
| 919 |
|
|
|a 978-80-570-4986-9
|
| 954 |
|
|
|a odborná, vedecká literatúra pôvodná (slovenská)
|2 lita
|
| 958 |
|
|
|a OP
|
| 968 |
|
|
|a Mag, slo
|b SLO
|
| 999 |
|
|
|c 568949
|d 570879
|
| 952 |
|
|
|a SNK
|b SNK
|y PREZ
|7 0
|p 17A1537849
|o snkSC 203992
|i snk2023/15819
|8 0
|0 0
|1 0
|4 0
|d 2023-11-03
|f 1
|l 0
|r 2025-10-28 00:00:00
|w 2026-02-23
|